Accounting process : (Record no. 293221)
[ view plain ]
| 000 -LEADER | |
|---|---|
| fixed length control field | 00601nam a2200229Ia 4500 |
| 008 - FIXED-LENGTH DATA ELEMENTS--GENERAL INFORMATION | |
| fixed length control field | 160404s9999 xx 000 0 und d |
| 020 ## - INTERNATIONAL STANDARD BOOK NUMBER | |
| International Standard Book Number | 971-12-0263-8 |
| 050 ## - LIBRARY OF CONGRESS CALL NUMBER | |
| Classification number | FIL HF 5635 |
| 050 ## - LIBRARY OF CONGRESS CALL NUMBER | |
| Item number | .P44 2005 |
| 100 ## - MAIN ENTRY--PERSONAL NAME | |
| Personal name | Pefianco, Erlinda C. |
| 245 ## - TITLE STATEMENT | |
| Title | Accounting process : |
| 245 ## - TITLE STATEMENT | |
| Remainder of title | principles and problems / |
| 245 ## - TITLE STATEMENT | |
| Statement of responsibility, etc | Erlinda C. Pefianco, Rosario D. Mercado. |
| 250 ## - EDITION STATEMENT | |
| Edition statement | 3rd Edition |
| 260 ## - PUBLICATION, DISTRIBUTION, ETC. (IMPRINT) | |
| Place of publication, distribution, etc | Makati City: |
| 260 ## - PUBLICATION, DISTRIBUTION, ETC. (IMPRINT) | |
| Name of publisher, distributor, etc | Goodwill Tradaing Co., Inc., |
| 260 ## - PUBLICATION, DISTRIBUTION, ETC. (IMPRINT) | |
| Date of publication, distribution, etc | 2005 |
| 300 ## - PHYSICAL DESCRIPTION | |
| Extent | 289 pages : |
| 300 ## - PHYSICAL DESCRIPTION | |
| Other physical details | illustrations ; |
| 300 ## - PHYSICAL DESCRIPTION | |
| Dimensions | 26 cm. |
| 650 ## - SUBJECT ADDED ENTRY--TOPICAL TERM | |
| Topical term or geographic name as entry element | Accounting. |
| Withdrawn status | Lost status | Damaged status | Home library | Current library | Shelving location | Date acquired | Cost, normal purchase price | Total Checkouts | Total Renewals | Full call number | Barcode | Date last seen | Date checked out | Price effective from | Koha item type |
|---|---|---|---|---|---|---|---|---|---|---|---|---|---|---|---|
| South Mansfield College | South Mansfield College | Filipiniana Section | 09/21/2006 | 325.00 | 1 | 3 | FIL HF 5635 .P44 2005 | SMC03415 | 01/13/2017 | 06/23/2016 | 04/04/2016 |